MARC

LEADER 00000nam0a2200000 4500
001 250558
005 20231101232556.0
010 |a 528800272X 
020 |a RU  |b 89-12413 
035 |a (RuTPU)RU\TPU\book\272767 
090 |a 250558 
100 |a 20140214d1989 k y0rusy5003 ca 
101 0 |a rus 
102 |a RU 
105 |a y z 001zy 
200 1 |a Теория качества в науке и практике: методологический анализ  |f Б. В. Ахлибининский, Н. И. Храленко  |g Ленинградский институт авиационного приборостроения (ЛИАП) 
210 |a Ленинград  |c Изд-во ЛГУ  |d 1989 
215 |a 197 с. 
606 1 |a Научное познание  |x Диалектика  |2 stltpush  |3 (RuTPU)RU\TPU\subj\45132  |9 64394 
610 1 |a наука 
610 1 |a диалектический материализм 
610 1 |a качество 
610 1 |a философские знания 
610 1 |a качественная оценка 
610 1 |a качественная методология 
610 1 |a философская картина мира 
610 1 |a количественная оценка 
610 1 |a пространство 
610 1 |a время 
610 1 |a оптимальность 
610 1 |a устойчивость 
610 1 |a скачки 
686 |a Ю251.1  |2 rubbk 
700 1 |a Ахлибининский  |b Б. В.  |g Борис Владимирович 
701 1 |a Храленко  |b Н. И.  |g Николай Иванович 
712 0 2 |a Ленинградский институт авиационного приборостроения (ЛИАП)  |2 stltpush  |3 (RuTPU)RU\TPU\col\5782 
801 0 |a RU  |b RuMRKP  |c 19950417  |g psbo 
801 1 |a RU  |b 63413507  |c 20140214 
801 2 |a RU  |b 63413507  |c 20140220  |g RCR 
942 |c BK